000 01018cab a2200277 4500
001 WB2503-21
008 090401t1989 xxu||||| |||| 00| 0 eng d
035 _a(Sirsi) u37360
041 _aeng
245 _aProtected shorthold tenancies
260 _c1989
350 _a0
490 _aSolicitors` Journal
_vvol 133 no 2, 13/1/89 p41
520 _aBriefly reviews the law regarding protected shorthold tenancies , highlighting the decisions in Paterson v Aggio and Another , CA 31 July 1987, see Abstract 38300 and Gent and Others v De La Mare , CA 2 December 1987, see Abstract 39205.
650 _aCONTRACTUAL TENANCIES
650 _aHOUSING ACT 1980
650 _aLANDLORD AND TENANT ACT 1987 S3
650 _aPOSSESSION
650 _aRENT ACT 1977
650 _aPROPERTY-RESIDENTIAL PROPERTY-RESIDENTIAL LANDLORD AND TENANT-RESIDENTIAL TENANCIES
650 _aSHORTHOLD TENANCIES
650 _aSTATUTORY TENANCIES
690 _aLandlord and tenant
_96252
942 _n0
948 _c04/03/1997
999 _c24164
_d24164